| 000 | 00653nam a2200205 4500 | ||
|---|---|---|---|
| 001 | 118428 | ||
| 003 | ES-MaACL | ||
| 005 | 20230906191109.0 | ||
| 007 | t| | ||
| 008 | 070214s1975 sp r ||||1| cat d | ||
| 100 | 1 |
_aPeset y Cervera, Vicente. _991439 |
|
| 245 | 1 | 0 |
_aGregori Mayans i la cultura de la ilustració / _cper Vicente Peset y Cervera ; amb un próleg d'Antoni Mestre. |
| 260 |
_aBarcelona : _bCurial, _c1975. |
||
| 300 |
_a520 p., 8 lám. ; _c24 cm. |
||
| 490 | 1 | _aDocuments de cultura | |
| 700 | 1 |
_aMestre, Antoni. _980695 |
|
| 830 | 0 |
_aDocuments de cultura _9218508 |
|
| 852 |
_aES-MaACL _jE-7816 _bR.92371 |
||
| 999 |
_c118428 _d118428 |
||